Tactics for Toeic: Speaking and writing tests
Cung cấp các mẫu đề thi TOEIC về 2 kỹ năng nói và viết. Đưa ra các hoạt động nâng cao kỹ năng nói: mô tả tranh, mô tả người, bối cảnh, hành động
Đã lưu trong:
| Tác giả chính: | |
|---|---|
| Định dạng: | Sách |
| Năm xuất bản: |
Anh
Oxford University
2010
|
| Chủ đề: | |
| Tags: |
Thêm thẻ
Không có thẻ, Hãy là người đầu tiên gắn thẻ bản ghi này!
|
| LEADER | 01145nam a2200229 4500 | ||
|---|---|---|---|
| 999 | |c 4907 |d 4907 | ||
| 082 | |a 428.3076 |b TR200W | ||
| 100 | |a Trew, Grant | ||
| 245 | |a Tactics for Toeic: |c Grant Trew |b Speaking and writing tests | ||
| 260 | |a Anh |b Oxford University |c 2010 | ||
| 300 | |a 263 tr. |c 28 cm | ||
| 520 | |a Cung cấp các mẫu đề thi TOEIC về 2 kỹ năng nói và viết. Đưa ra các hoạt động nâng cao kỹ năng nói: mô tả tranh, mô tả người, bối cảnh, hành động | ||
| 653 | |a Ngôn ngữ | ||
| 653 | |a Tiếng Anh | ||
| 653 | |a Kỹ năng | ||
| 653 | |a Luyện thi | ||
| 653 | |a TOEIC | ||
| 653 | |a Bài tập | ||
| 942 | |2 ddc |c STK0 | ||
| 952 | |0 0 |1 0 |2 ddc |4 0 |6 428_307600000000000_TR200W |7 0 |8 400 |9 45714 |a qbu |b qbu |c D4 |d 2014-12-20 |g 515000 |o 428.3076 TR200W |p 2626.c1 |r 0000-00-00 |w 2014-12-20 |y STK0 | ||
| 952 | |0 0 |1 0 |2 ddc |4 0 |6 428_307600000000000_TR200W |7 0 |8 400 |9 45715 |a qbu |b qbu |c D4 |d 2014-12-20 |g 515000 |o 428.3076 TR200W |p 2626.c2 |r 0000-00-00 |w 2014-12-20 |y STK0 | ||
| 952 | |0 0 |1 0 |2 ddc |4 0 |6 428_307600000000000_TR200W |7 0 |8 400 |9 45716 |a qbu |b qbu |c D4 |d 2014-12-20 |g 515000 |o 428.3076 TR200W |p 2626.c3 |r 0000-00-00 |w 2014-12-20 |y STK0 | ||